| 000 | 00699cab a22001935a 4500 | ||
|---|---|---|---|
| 001 | L151213 | ||
| 008 | 101007e20100828xxk 000 0 eng d | ||
| 035 | _a(Sirsi) u151213 | ||
| 041 | 0 | _aeng | |
| 100 | 1 | _aCattell, Sophie | |
| 245 | 0 | 0 | _aFreedom to leave |
| 260 | _c2010 | ||
| 490 |
_aEstates Gazette _v(1034) 28 August 2010, 77(1) |
||
| 520 | _aLandlord and Tenant (Covenants) Act 1995 reforms. Includes information about Section 6 of the 1995 Act which gives Landlords the statutory right to apply to the tenants of new tenancies to be release from their covenants. | ||
| 590 | _aKA | ||
| 651 | 4 |
_aEngland and Wales _y1543- |
|
| 690 | _aLANDLORD AND TENANT COVENANTS ACT 1995 | ||
| 942 | _n0 | ||
| 999 |
_c82731 _d82731 |
||